000 00581nam a2200205Ia 4500
005 20250508150412.0
008 008 250505s9999 xx 000 0 eng d
037 _aTextual
040 _aFEDL
_beng
_cFEDL
041 _aeng
_2eng
084 _a371.1, TRO
_qFEDL
100 _aTroyer Maurice
_9756602
245 0 _aEvaluation in teacher education
260 _aWashington, USA
_bAmerican Council on Education
_c1944
300 _axii,368p
650 _aTeaching
700 _a Pace C Robert
_9756603
942 _cTEXL
_h371.1, TRO
999 _c1323442
_d1323442